Badly Sculpted Holidays Quiz Stats

 Plays Quiz Updated Oct 24, 2019

Score 0/16 Timer 03:00
5 Plays Today
% Correct
Valentine's Day
98.6%
St Patrick's Day
97.2%
Thanksgiving
96.5%
Halloween
95.8%
Easter
93.7%
Your Birthday
86.4%
Day of the Dead
83%
New Year's Day
79%
% Correct
Christmas Day
64.6%
Hanukkah
63.3%
Bonfire Night
58.6%
International Talk Like a Pirate Day
56.7%
Bastille Day
51.2%
April Fools' Day
51%
Mother's Day
43.8%
Equinox
22%

You're not logged in!

Compare scores with friends on all Sporcle quizzes.
OR
Log In

Sporcle TV

Today on Sporcle TV


Watch our educational content, quiz creation guides, and fun videos on Sporcle TV.

Show Comments

Extras

Top Quizzes Today


Score Distribution

Your Account Isn't Verified!

In order to create a playlist on Sporcle, you need to verify the email address you used during registration. Go to your Sporcle Settings to finish the process.

Report this User

Report this user for behavior that violates our Community Guidelines.

Details: